00298nam a2200121Ia 4500082001800000100002200018245003200040260003800072300001000110504001900120650001900139650001800158 a305.501 VEB-; aVeblen, Thorstein 0aTheory of the leisure class aNew DelhibVikas Publishingc1973 a261p. aIncludes index aSocial classes aLeisure class